Pays les plus proches de l'Autriche - Sprint d'une minute - Statistiques

Statistiques générales
  • Ce quiz a été pris 128 fois
  • Le résultat moyen est 14 sur 20
Statistiques - réponses
km pays % Correct
0 Allemagne
99%
0 Suisse
95%
149 France
93%
0 Italie
93%
0 Hongrie
90%
0 Tchèquie
89%
0 Slovénie
87%
0 Slovaquie
86%
158 Pologne
85%
24 Croatie
79%
0 Liechtenstein
77%
218 Serbie
69%
161 Bosnie- Herzégovine
65%
357 Belgique
55%
304 Roumanie
49%
372 Ukraine
49%
291 Saint-Marin
45%
321 Luxembourg
42%
405 Monaco
41%
415 Monténégro
39%
Aucun quiz correspondant
Distribution des résultats
% des personnes avec chaque résultat
Percentile par nombre de réponses
Votre historique - résultats
Vous n’avez pas pris ce quiz